Một số vấn đề phát triển nông nghiệp và nông thôn

Đã lưu trong:
书目详细资料
主要作者: ĐẶNG KIM SƠN
格式: 图书
语言:Undetermined
出版: THông kê 2002
标签: 添加标签
没有标签, 成为第一个标记此记录!
Thư viện lưu trữ: Trung tâm Học liệu Trường Đại học Cần Thơ
LEADER 00470nam a2200145Ia 4500
001 CTU_48235
008 210402s9999 xx 000 0 und d
082 |a 338.18 
082 |b S464 
100 |a ĐẶNG KIM SƠN 
245 0 |a Một số vấn đề phát triển nông nghiệp và nông thôn 
245 0 |c ĐẶNG KIM SƠN, Hoàng Thu Hòa 
260 |b THông kê 
260 |c 2002 
980 |a Trung tâm Học liệu Trường Đại học Cần Thơ